000 00673nam a22001937a 4500
005 20251108174750.0
008 250721s2009 xx 000 0 ara d
082 1 4 _a415.1/هزا
100 1 _aالهزايمة، أحمد محمد أمين أحمد
_eمؤلف
245 1 0 _aالإجابة في أصول فقه النحو /
264 1 _aإربد :
_bمكتبة الرافدين،
_c2009.
300 _a182ص.
500 _aالمؤلف نشر الكتاب بإسمه المستعار ( أصيل الصيف الأصولي )
650 1 7 _aاللغة العربية
650 1 7 _aقواعد اللغة
650 1 7 _aالنحو
942 _2ddc
_cBK
999 _c117468
_d117468